[Event "Mittelfranken-chTB1 1011"]
[Site "Germany"]
[Date "2011.02.13"]
[Round "6.8"]
[White "Stoessel, Horst"]
[Black "Ammon, Tobias"]
[Result "1/2-1/2"]
[WhiteElo "2035"]
[BlackElo "1977"]
[PlyCount "105"]
[EventDate "2010.09.26"]
[EventType "team-tourn"]
[EventRounds "9"]
[EventCountry "GER"]
[SourceTitle "EXT 2012"]
[Source "ChessBase"]
[SourceDate "2011.11.24"]
[SourceVersion "1"]
[SourceVersionDate "2011.11.24"]
[SourceQuality "1"]
[WhiteTeam "Nuernberg Sued SW II"]
[BlackTeam "Altensittenbach"]
[WhiteTeamCountry "GER"]
[BlackTeamCountry "GER"]

1. e4 e5 2. Nf3 Nf6 3. Nxe5 d6 4. Nf3 Nxe4 5. Nc3 Nxc3 6. dxc3 Be7 7. Be3 Nc6 8. Qd2 0-0 9. Be2 Ne5 10. 0-0 Nxf3+ 11. Bxf3 c6 12. c4 Bf6 13. Bd4 Be6 14. b3 Bxd4 15. Qxd4 Qc7 16. Rfd1 Rfd8 17. Qf4 Rd7 18. Rd2 Rad8 19. c5 d5 20. Qd4 Re8 21. Re2 Rde7 22. Rae1 Bf5 23. c3 Rxe2 24. Rxe2 Rxe2 25. Bxe2 b6 26. Qe3 Kf8 27. f3 Qe7 28. Qxe7+ Kxe7 29. b4 g5 30. Kf2 h6 31. Ke3 b5 32. Kd4 Be6 33. Ke5 f6+ 34. Kd4 Bf7 35. Bd3 Ke6 36. g3 Ke7 37. a3 Bh5 38. Ke3 Bf7 39. f4 Ke6 40. Bc2 Bh5 41. a4 a6 42. axb5 axb5 43. Bd3 Be8 44. Be2 Bf7 45. Bf1 g4 46. Bd3 h5 47. Kd4 f5 48. Bf1 Be8 49. Bg2 Bd7 50. h3 Be8 51. hxg4 hxg4 52. Bf1 Bd7 53. Be2 1/2-1/2

[Event "Mittelfrankenliga-B1 0607"]
[Site "Mittelfranken"]
[Date "2007.01.28"]
[Round "5.8"]
[White "Stoessel, Horst"]
[Black "Kirchner, Gerhard"]
[Result "1-0"]
[WhiteElo "2045"]
[BlackElo "1580"]
[PlyCount "115"]
[EventDate "2006.10.22"]
[EventType "team-tourn"]
[EventRounds "9"]
[EventCountry "GER"]
[SourceTitle "EXT 2011"]
[Source "ChessBase"]
[SourceDate "2010.11.26"]
[SourceVersion "1"]
[SourceVersionDate "2010.11.26"]
[SourceQuality "1"]
[WhiteTeam "Nuernberg Sued SW II"]
[BlackTeam "Zirndorf II"]
[WhiteTeamCountry "GER"]
[BlackTeamCountry "GER"]

1. c4 e5 2. Nc3 Nf6 3. g3 c6 4. d4 exd4 5. Qxd4 Na6 6. Bg5 Be7 7. Bg2 0-0 8. Nh3 h6 9. Bf4 Bc5 10. Qd2 Nh7 11. Bd6 Bxd6 12. Qxd6 Qf6 13. Qd2 Nc5 14. 0-0 d6 15. Nf4 Qe5 16. Rad1 Rd8 17. Rfe1 Ng5 18. h4 Nge4 19. Nxe4 Nxe4 20. Qe3 Bf5 21. Nd3 Qe8 22. Qf4 Bh7 23. g4 Nc5 24. Bf3 Ne6 25. Qg3 Nd4 26. Nf4 Nxf3+ 27. Qxf3 Qe4 28. Qxe4 Bxe4 29. Rd4 Bc2 30. Rc1 c5 31. Rd2 Be4 32. f3 Bc6 33. Rcd1 g5 34. Ng2 Re8 35. e4 Rad8 36. Rxd6 Rxd6 37. Rxd6 Kg7 38. Kf2 Re6 39. Rd3 Kf6 40. h5 Ke5 41. Ne3 a6 42. Rd8 Kf6 43. Nf5 Bxe4 44. fxe4 Rxe4 45. Ne3 Rd4 46. Rd5 b6 47. Ke2 Re4 48. Kd3 Re6 49. a4 Kg7 50. Nf5+ Kh7 51. Rd6 Re1 52. Rxh6+ Kg8 53. Rxb6 Rd1+ 54. Ke2 Rg1 55. Ne3 Ra1 56. Rxa6 Ra2 57. Nd1 Ra1 58. Kd2 1-0

[Event "Mittelfranken-chT 0405"]
[Site "Germany"]
[Date "2004.10.17"]
[Round "1.2"]
[White "Stoessel, Horst"]
[Black "Reuter, Roland"]
[Result "1/2-1/2"]
[WhiteElo "2044"]
[BlackElo "1866"]
[PlyCount "118"]
[EventDate "2004.10.17"]
[EventType "team"]
[EventRounds "9"]
[EventCountry "GER"]
[SourceTitle "EXT 2007"]
[Source "ChessBase"]
[SourceDate "2006.11.23"]
[SourceVersion "1"]
[SourceVersionDate "2006.11.23"]
[SourceQuality "1"]

1. e4 e5 2. Nf3 Nc6 3. Bc4 Bc5 4. d3 h6 5. a3 a6 6. Bd5 d6 7. Be3 Bxe3 8. fxe3 Be6 9. Nc3 Qd7 10. Qd2 Nf6 11. h3 Bxd5 12. Nxd5 Nxd5 13. exd5 Ne7 14. c4 Rb8 15. a4 c6 16. dxc6 bxc6 17. 0-0 0-0 18. b4 Qe6 19. Rfb1 Rb7 20. Qc3 Rfb8 21. Rb2 f6 22. d4 e4 23. Ne1 d5 24. c5 Nf5 25. Rab1 Qd7 26. Qd2 a5 27. Nc2 axb4 28. Nxb4 Qc7 29. Ra1 Nxe3 30. Qxe3 Rxb4 31. Rxb4 Rxb4 32. a5 Qb8 33. Qa3 Rb3 34. Qa4 Rb5 35. a6 Qa7 36. Qd1 Rb8 37. Qa4 Rb5 38. Qd1 Rb8 39. Qg4 Re8 40. Qe2 Rb8 41. Qg4 Re8 42. Kh1 Qe7 43. Qe2 Ra8 44. Rb1 f5 45. Rb7 Qe8 46. a7 e3 47. Kg1 Kh7 48. Rb8 Rxb8 49. axb8Q Qxb8 50. Qxe3 Qb1+ 51. Kh2 Qe4 52. Qc3 f4 53. Qb4 Qc2 54. Kh1 h5 55. Qb7 Qd1+ 56. Kh2 Qxd4 57. Qxc6 Qd2 58. Qe6 d4 59. Qf5+ Kh6 1/2-1/2

[Event "Pyramiden Franken Cup 1st"]
[Site "Fuerth"]
[Date "1998.??.??"]
[Round "6"]
[White "Junker, Rene"]
[Black "Stoessel, Horst"]
[Result "1-0"]
[WhiteElo "2080"]
[BlackElo "1970"]
[PlyCount "40"]
[EventDate "1998.08.??"]
[EventType "swiss"]
[EventRounds "9"]
[EventCountry "GER"]
[SourceTitle "EXT 2001"]
[Source "ChessBase"]
[SourceDate "2000.11.22"]
[SourceVersion "1"]
[SourceVersionDate "2000.11.22"]
[SourceQuality "1"]

1. e4 c6 2. d4 d5 3. e5 Bf5 4. h4 h5 5. c4 e6 6. Nc3 Nd7 7. cxd5 cxd5 8. Bg5 Qb6 9. Qd2 a6 10. Rc1 Rc8 11. Nxd5 Rxc1+ 12. Qxc1 Qa5+ 13. Bd2 Qxd2+ 14. Kxd2 exd5 15. Qc8+ Ke7 16. Qxb7 g6 17. Bxa6 Bh6+ 18. Ke2 f6 19. Nf3 fxe5 20. dxe5 Bg4 1-0

[Event "Pyramiden Franken Cup 1st"]
[Site "Fuerth"]
[Date "1998.??.??"]
[Round "7"]
[White "Stoessel, Horst"]
[Black "Thonig, Manfred"]
[Result "1-0"]
[WhiteElo "1970"]
[BlackElo "1605"]
[PlyCount "75"]
[EventDate "1998.08.??"]
[EventType "swiss"]
[EventRounds "9"]
[EventCountry "GER"]
[SourceTitle "EXT 2001"]
[Source "ChessBase"]
[SourceDate "2000.11.22"]
[SourceVersion "1"]
[SourceVersionDate "2000.11.22"]
[SourceQuality "1"]

1. e4 g6 2. d4 Bg7 3. Bc4 c6 4. Qf3 e6 5. Ne2 d5 6. Bb3 dxe4 7. Qxe4 Nf6 8. Qh4 h5 9. Bg5 Nbd7 10. Nd2 Qa5 11. c3 0-0 12. Nc4 Qd8 13. h3 b5 14. Ne5 Qb6 15. g4 Nxe5 16. dxe5 Ne4 17. Be3 c5 18. f3 Nxc3 19. bxc3 Bxe5 20. gxh5 Qa5 21. Rc1 c4 22. Bd1 b4 23. Rg1 bxc3 24. Bc2 Qd8 25. Qe4 Bf6 26. Qxa8 Bh4+ 27. Ng3 Qc7 28. Kf2 f5 29. Qxa7 Bb7 30. Qc5 Qf7 31. Qxc4 g5 32. Bxg5 Bxg5 33. Ne2 Qxh5 34. Rxg5+ Qxg5 35. Rg1 Qxg1+ 36. Nxg1 Bd5 37. Qxc3 Rb8 38. Bb3 1-0

[Event "Regionalliga NO 9495"]
[Site "Bayern"]
[Date "1995.??.??"]
[Round "?.7"]
[White "Stoessel, Horst"]
[Black "Hoffmann, Ayar"]
[Result "1/2-1/2"]
[WhiteElo "1815"]
[BlackElo "1825"]
[PlyCount "115"]
[EventDate "1994.10.??"]
[EventType "team-tourn"]
[EventRounds "9"]
[EventCountry "GER"]
[SourceTitle "EXT 1999"]
[Source "ChessBase"]
[SourceDate "1998.11.16"]
[SourceVersion "1"]
[SourceVersionDate "1998.11.16"]
[SourceQuality "1"]
[WhiteTeam "Nuernberg Sued SW"]
[BlackTeam "Regensburg DJK II"]
[WhiteTeamCountry "GER"]
[BlackTeamCountry "GER"]

1. d4 Nf6 2. Nf3 g6 3. g3 Bg7 4. Bg2 d5 5. 0-0 0-0 6. c3 c6 7. Re1 Ne4 8. Bf4 f6 9. Qb3 e5 10. Be3 Nd6 11. Na3 e4 12. Nd2 Kh8 13. Rad1 b5 14. Nc2 Nf5 15. f3 Nxe3 16. Nxe3 f5 17. Nef1 Nd7 18. e3 exf3 19. Nxf3 Nf6 20. Ne5 Qc7 21. Nd2 Ne4 22. Nd3 Nd6 23. Nf4 Bd7 24. Qc2 Rae8 25. Qd3 Re7 26. Re2 Be8 27. Nf3 Ne4 28. Qc2 Bf7 29. Nd3 Rfe8 30. Nfe5 Nd6 31. b3 Bg8 32. Rde1 Nf7 33. Nxf7+ Bxf7 34. Kh1 g5 35. Bf3 Bg6 36. Qd2 h5 37. Nc5 Bf6 38. Rg1 g4 39. Bg2 Bg5 40. Rge1 Rh7 41. Nd3 h4 42. Nf4 Bf7 43. Kg1 Qd6 44. Qd3 Qf6 45. Kf2 Kg7 46. Rh1 Reh8 47. Ree1 Rb8 48. a3 Rhh8 49. Ra1 Rb7 50. Qc2 Rhb8 51. Bf1 Re7 52. Bd3 Bg6 53. Rae1 a5 54. Rhf1 hxg3+ 55. hxg3 Bxf4 56. exf4 Rh8 57. Rxe7+ Qxe7 58. Kg2 1/2-1/2